Loading...
Brahmin communisavum mattu padanangalum/
| Hovedforfatter: | |
|---|---|
| Format: | Printed Book |
| Udgivet: |
Vijayan K P.
2002.
|
| Fag: |
| LEADER | 00547nam a22001691a 4500 | ||
|---|---|---|---|
| 999 | |c 6000 |d 6000 | ||
| 020 | |a 9788124010921 | ||
| 082 | |a M8 007 |b VIJ/B | ||
| 100 | |a Vijayan K P. | ||
| 245 | |a Brahmin communisavum mattu padanangalum/ |c by Vijayan K P. | ||
| 260 | |a |b Vijayan K P. |c 2002. | ||
| 300 | |a 157 | ||
| 650 | |a Criticism Malayalam | ||
| 650 | |a Communism | ||
| 650 | |a Malayalam | ||
| 942 | |c BK | ||
| 952 | |0 0 |1 0 |4 0 |6 M_8007_000000000000000_VIJ_BRA_P02 |7 0 |9 9206 |a SSUS |b SSUS |d 2015-01-08 |g 85.00 |o M8007 VIJ/BRA P02 |p 044050 |r 2015-01-08 |v 0.00 |w 2015-01-08 |y BK | ||